000 01434nim a2200325 i 4500
001 197276
003 ES-MaACL
005 20250828062614.0
007 ss lsnjlcipnne
008 250424s1991 sp nnnn |||| 00| spa d
040 _bspa
_cES-MaACL
100 _aMolina, Carlos,
_cPayador,
_d1927-1998
_eaut
_9240477
245 1 0 _aRecital del payador uruguayo D. Carlos Molina
_h[Grabación sonora] /
_bpresenta el acto Doña Pilar Castaño
260 _aMadrid :
_bAteneo de Madrid,
_c1991.
300 _a1 casete (ca. 90 min) :
_bson. ;
_c11 cm
490 1 _3Actos culturales en el Ateneo de Madrid
518 _aGrabado el 9 de enero de 1991 en el Salón de Actos del Ateneo de Madrid
520 _aCarlos Molina fue un poeta y payador uruguayo, considerado el más importante artista de este género en la región del Río de la Plata, en la segunda mitad del siglo XX;​ fue conocido por su ideología anarquista
540 _aDocumento inédito
594 _5Datos basados en la invitación
610 2 0 _aAteneo de Madrid-
_xActos culturales-
_y1991-
_vGrabaciones sonoras
_9240452
653 _aArchivo de la palabra
655 7 _2tgfbne
_9176539
_aPoesías
710 2 _91875
_aAteneo de Madrid
_ehis
830 0 _aActos culturales en el Ateneo de Madrid
_9240237
852 _aES-MaACL
_cDEPOZ
_9205532
942 _2udc
_n0
_cCINTASAUD
999 _c197276
_d197276